| 000 | 00475nam a2200157 i 4500 | ||
|---|---|---|---|
| 001 | 100778 | ||
| 003 | ES-MaACL | ||
| 005 | 20230906182741.0 | ||
| 007 | t| | ||
| 008 | 051005s1901 sp ||||1| spa d | ||
| 100 | 1 |
_aMataix Plana, José Luis. _978911 |
|
| 245 | 1 | 0 |
_aMil problemas de Aritmética y Algebra / _cresueltos y explicados por José Luis Mataix Plana. |
| 260 |
_aMadrid : _bDossat, _c1901. |
||
| 300 |
_a2 v. ; _c22 cm. |
||
| 852 |
_aES-MaACL _jE-1985-86 _bR.22788 |
||
| 999 |
_c100778 _d100778 |
||